Statistiken für Länder in der Nähe von Kambodscha - Ein-Minuten-Sprint

Klicken Sie hier um das Quiz zu spielen!

Allgemein

  • Dieses Quiz wurde 40 mal gespielt
  • Das Durchschnittsergebnis liegt bei 16 aus 20

Antwortstatistiken

kmLand% Korrekt
1090Indien
100%
0Laos
100%
768Indonesien
97%
0Vietnam
97%
324Birma
94%
773China
94%
405Malaysia
94%
0Thailand
94%
2060Nepal
91%
998Singapur
84%
1330Bangladesch
81%
1805Bhutan
78%
1111Brunei
78%
1606Taiwan
72%
2337Sri Lanka
69%
1141Philippinen
66%
2789Südkorea
63%
2988Timor-Leste
56%
1943Japan
50%
3001Palau
22%

Verteilung der Resultate

Perzentil nach korrekt beantworteten Fragen

Anzahl Personen mit jedem Resultat

Ihre Resultats-Entwicklung

Sie haben dieses Quiz noch nicht gespielt